Digital review of Asia Pacific 2007-2008 : (Record no. 9495)

MARC details
000 -LEADER
fixed length control field 00880 a2200217 4500
010 ## - LIBRARY OF CONGRESS CONTROL NUMBER
LC control number ENG-88931
020 ## - INTERNATIONAL STANDARD BOOK NUMBER
International Standard Book Number 9788178298405
Terms of availability 950.00
035 ## - SYSTEM CONTROL NUMBER
System control number EN-72464
037 ## - SOURCE OF ACQUISITION
Source of stock number/acquisition DBAD / PUB
082 14 - DEWEY DECIMAL CLASSIFICATION NUMBER
Classification number 004.16
090 ## - LOCALLY ASSIGNED LC-TYPE CALL NUMBER (OCLC); LOCAL CALL NUMBER (OCLC)
-- 9670
-- 9670
245 1# - TITLE STATEMENT
Title Digital review of Asia Pacific 2007-2008 :
Remainder of title reports on 31 economies, 2 sub-regional associations /
Statement of responsibility, etc edited by Felix Librero
246 30 - VARYING FORM OF TITLE
Title proper/short title Asia Pacific
250 ## - EDITION STATEMENT
Edition statement 3rd ed.
260 ## - PUBLICATION, DISTRIBUTION, ETC. (IMPRINT)
Place of publication, distribution, etc New Delhi
Name of publisher, distributor, etc Sage Publications : Orbicom and the International Development Research Centre
Date of publication, distribution, etc 2008
300 ## - PHYSICAL DESCRIPTION
Extent xv, 373p.;
Dimensions 30 cm (pbk)
500 ## - GENERAL NOTE
General note Latest issue consulted: 2005/2006.
710 2# - ADDED ENTRY--CORPORATE NAME
Corporate name or jurisdiction name as entry element United Nations Development Programme (Malaysia).
Subordinate unit Asia-Pacific Development Information Programme.
942 ## - ADDED ENTRY ELEMENTS (KOHA)
Institution code [OBSOLETE] dpl
Koha item type English Books
Call number prefix 004.16 / DIG
Holdings
Withdrawn status Lost status Source of classification or shelving scheme Damaged status Not for loan Collection code Home library Current library Source of acquisition Cost, normal purchase price Total Checkouts Full call number Barcode Date last seen Copy number Uniform Resource Identifier Cost, replacement price Price effective from Koha item type
    Dewey Decimal Classification   Not For Loan Non-fiction D.B.Act.Division D.B.Act.Division DBAD/PUB 950.00   004.16 EN-72464 15/09/2008 1 10481 950.00 15/09/2008 English Books

© Delhi Public Library
Hit Counter
free hit counter